000 00814nam a2200205 a 4500
001 000006693
005 20260321073638.0
008 090902s1993 dr 000 0 spa d
040 _aDO-SdBNP
_bspa
_cBNPHU
082 _a362.1097293
_bP438h
100 1 _aPérez Stefan, Reynolds J
_938778
245 1 0 _aHistoria de los servicios de salud en la Concepción de la Vega /
_cReynolds Jossef Pérez Stefan; prólogos Juan Bosch, José de Js. Jiménez O.
260 _aSanto Domingo :
_bSusaeta,
_c1993.
300 _a383 p. :
_bil. ;
_c21 cm.
590 _aInventariado, 2018/ YL
650 4 _aServicios de salud
_zRepública Dominicana, Concepción De La Vega
_xHistoria
_918646
700 1 2 _a Bosch, Juan,
_d1909-2001
_976555
700 1 2 _aJiménez O. , José de Js.
_918647
910 _aValidado. Control de calidad MFF
999 _c6482
_d6482